000 00669nam a2200289Ia 4500
005 20260324120627.0
008 008 260324s9999 xx 000 0 eng d
020 _a9781315419770
037 _aEBOOK
040 _aCRL
040 _beng
040 _cCRL
041 _2eng
041 _aeng
084 _qCRL
100 _aJane Speedy
_91159326
245 0 _aStaring at the Park
245 2 _bA Poetic Autoethnographic Inquiry
260 _bTaylor and Francis
260 _c2015
365 _a
365 _b230
856 _uhttp://www.taylorfrancis.com/books/9781315419770
942 _cEBOOK
999 _c1750953
_d1750953